| 000 | 00351pab a2200145 454500 | ||
|---|---|---|---|
| 008 | 180718b1985 xxu||||| |||| 00| 0 eng d | ||
| 100 | _aRao, C.S. | ||
| 245 | _aNeed for technology upgradation in the informal sector | ||
| 260 | _c1985 | ||
| 300 | _a45-53 | ||
| 362 | _aOct.-Dec. | ||
| 650 | _aTechnology | ||
| 773 | _aProductivity | ||
| 909 | _a19133 | ||
| 999 |
_c19133 _d19133 |
||